[Event "GRE-chT 49th"]
[Site "Thessaloniki"]
[Date "2022.08.17"]
[Round "7"]
[White "Koyias, Konstantinos"]
[Black "Dimopoulos, Symeon"]
[Result "1/2-1/2"]
[WhiteElo "2179"]
[BlackElo "2021"]
[PlyCount "61"]
[EventDate "2022.08.12"]
[EventType "team-swiss"]
[EventRounds "7"]
[EventCountry "GRE"]
[SourceTitle "EXT 2024"]
[Source "ChessBase"]
[SourceDate "2023.10.10"]
[SourceVersion "1"]
[SourceVersionDate "2023.10.10"]
[SourceQuality "1"]
[WhiteTeam "Larisas"]
[BlackTeam "Livatheias"]
[WhiteTeamCountry "GRE"]
[BlackTeamCountry "GRE"]

1. c4 e5 2. Nc3 Nf6 3. g3 Bb4 4. Bg2 0-0 5. d3 c6 6. a3 Bxc3+ 7. bxc3 h6 8. Nh3 d5 9. cxd5 cxd5 10. 0-0 Nc6 11. Kh1 Bf5 12. f4 e4 13. a4 Qd7 14. Ng1 Rad8 15. h3 h5 16. Kh2 Rfe8 17. Ra3 Qc8 18. Rf2 b6 19. Bf1 Re7 20. Rg2 exd3 21. exd3 Rde8 22. Re2 h4 23. gxh4 g6 24. Rxe7 Rxe7 25. Ra2 Nh5 26. Re2 Qc7 27. Rxe7 Nxe7 28. Qd2 Qd7 29. Qd1 Qd6 30. Qd2 Qd7 31. Qd1 1/2-1/2

[Event "GRE-chT 46th"]
[Site "Rio Achaia"]
[Date "2018.07.10"]
[Round "1.9"]
[White "Ergazakis, Ioannis"]
[Black "Dimopoulos, Symeon"]
[Result "1-0"]
[WhiteElo "2228"]
[BlackElo "2020"]
[PlyCount "87"]
[EventDate "2018.07.10"]
[EventType "team"]
[EventRounds "7"]
[EventCountry "GRE"]
[SourceTitle "CBM 185 Extra"]
[Source "ChessBase"]
[SourceDate "2018.07.29"]
[SourceVersion "1"]
[SourceVersionDate "2018.07.29"]
[SourceQuality "1"]
[WhiteTeam "Heraklion Attica"]
[BlackTeam "Evoiki EV"]
[WhiteTeamCountry "GRE"]
[BlackTeamCountry "GRE"]

1. e4 e6 2. d4 d5 3. Nd2 Nf6 4. e5 Nfd7 5. Bd3 c5 6. c3 Nc6 7. Ne2 cxd4 8. cxd4 f6 9. Nf4 Nxd4 10. Qh5+ Ke7 11. exf6+ Nxf6 12. Ng6+ hxg6 13. Qxh8 Kf7 14. 0-0 e5 15. Nb3 Nxb3 16. axb3 Be6 17. Bg5 Qb6 18. Rac1 Rd8 19. Qh4 Be7 20. Qa4 e4 21. Be2 Bc5 22. Qb5 Qxb5 23. Bxb5 Bb6 24. Bf4 d4 25. Bc7 Rd5 26. Bxb6 axb6 27. Rc7+ Nd7 28. Bc4 Rd6 29. Re1 Bxc4 30. Rxc4 Nf6 31. Rc7+ Ke6 32. Rxg7 Kd5 33. Rxg6 d3 34. g4 Rc6 35. Rd1 Ke5 36. g5 Nh5 37. Rxc6 bxc6 38. f3 Kd4 39. fxe4 Kxe4 40. Kf2 Nf4 41. Re1+ Kf5 42. Ke3 Nd5+ 43. Kxd3 Kxg5 44. Re5+ 1-0

[Event "Nikaia op 14th"]
[Site "Nikaia"]
[Date "2006.08.??"]
[Round "2"]
[White "Dimopoulos, Symeon"]
[Black "Xomatidis, Panagiotis"]
[Result "1/2-1/2"]
[WhiteElo "2060"]
[BlackElo "2031"]
[PlyCount "31"]
[EventDate "2006.08.??"]
[EventType "swiss"]
[EventRounds "9"]
[EventCountry "GRE"]
[SourceTitle "EXT 2008"]
[Source "ChessBase"]
[SourceDate "2007.11.25"]
[SourceVersion "1"]
[SourceVersionDate "2007.11.25"]
[SourceQuality "1"]

1. e4 c5 2. c3 g6 3. d4 cxd4 4. cxd4 d5 5. exd5 Nf6 6. Nc3 Nxd5 7. Bc4 Nb6 8. Bb3 Bg7 9. Nge2 0-0 10. 0-0 Nc6 11. Be3 Na5 12. Bc2 Nac4 13. b3 Nxe3 14. fxe3 e5 15. d5 Qg5 16. Rf3 1/2-1/2